<?xml version="1.0" encoding="UTF-8"?>
<collection xmlns="http://www.loc.gov/MARC21/slim">
 <record>
  <leader>01479nam a22002057a 4500</leader>
  <controlfield tag="001">NCT_4_001707</controlfield>
  <controlfield tag="008">231004b        xxu||||| |||| 00| 0 vie d</controlfield>
  <datafield tag="999" ind1=" " ind2=" ">
   <subfield code="c">7946</subfield>
   <subfield code="d">7946</subfield>
  </datafield>
  <datafield tag="020" ind1=" " ind2=" ">
   <subfield code="a">9786043164589</subfield>
   <subfield code="c">155000</subfield>
  </datafield>
  <datafield tag="082" ind1="0" ind2="4">
   <subfield code="2">23rd ed.</subfield>
   <subfield code="a">610.28</subfield>
   <subfield code="b">Ng100</subfield>
  </datafield>
  <datafield tag="100" ind1="1" ind2=" ">
   <subfield code="a">Nguyễn Kim Ngà</subfield>
  </datafield>
  <datafield tag="245" ind1="1" ind2="0">
   <subfield code="a">Giáo trình vật liệu y sinh</subfield>
   <subfield code="c">Nguyễn Kim Ngà</subfield>
  </datafield>
  <datafield tag="260" ind1=" " ind2=" ">
   <subfield code="a">H.</subfield>
   <subfield code="b">Bách Khoa Hà Nội</subfield>
   <subfield code="c">2022</subfield>
  </datafield>
  <datafield tag="300" ind1=" " ind2=" ">
   <subfield code="a">193tr.</subfield>
   <subfield code="b">minh họa</subfield>
   <subfield code="c">24 cm</subfield>
  </datafield>
  <datafield tag="520" ind1="3" ind2=" ">
   <subfield code="a">Nội dung sách trình bày những nội dung cơ bản về hóa sinh, nhằm cung cấp cho sinh viên các kiến thức về protein, tế bào, mô và chất nền ngọai bào là các đối tượng và vật liệu y sinh tiếp xúc và tương tác sau khi cấy ghép vào cơ thể sống; đồng thời cung cấp các dạng vật liệu sinh học thường được sử dụng trong lĩnh vực y sinh và kỹ thuật mô xương, cùng các phương pháp thử nghiệm sinh học.</subfield>
  </datafield>
  <datafield tag="653" ind1=" " ind2=" ">
   <subfield code="a">Y Đa khoa</subfield>
  </datafield>
  <datafield tag="942" ind1=" " ind2=" ">
   <subfield code="2">ddc</subfield>
   <subfield code="c">BK</subfield>
  </datafield>
  <datafield tag="952" ind1=" " ind2=" ">
   <subfield code="0">0</subfield>
   <subfield code="1">0</subfield>
   <subfield code="2">ddc</subfield>
   <subfield code="4">0</subfield>
   <subfield code="6">610_280000000000000_NG100</subfield>
   <subfield code="7">0</subfield>
   <subfield code="9">28242</subfield>
   <subfield code="a">000001</subfield>
   <subfield code="b">000001</subfield>
   <subfield code="d">2023-10-04</subfield>
   <subfield code="o">610.28 Ng100</subfield>
   <subfield code="p">MD.21995</subfield>
   <subfield code="r">2023-10-04</subfield>
   <subfield code="v">155000.00</subfield>
   <subfield code="w">2023-10-04</subfield>
   <subfield code="y">BK</subfield>
  </datafield>
  <datafield tag="952" ind1=" " ind2=" ">
   <subfield code="0">0</subfield>
   <subfield code="1">0</subfield>
   <subfield code="2">ddc</subfield>
   <subfield code="4">0</subfield>
   <subfield code="6">610_280000000000000_NG100</subfield>
   <subfield code="7">0</subfield>
   <subfield code="9">28243</subfield>
   <subfield code="a">000001</subfield>
   <subfield code="b">000001</subfield>
   <subfield code="d">2023-10-04</subfield>
   <subfield code="o">610.28 Ng100</subfield>
   <subfield code="p">MD.21996</subfield>
   <subfield code="r">2023-10-04</subfield>
   <subfield code="v">155000.00</subfield>
   <subfield code="w">2023-10-04</subfield>
   <subfield code="y">BK</subfield>
  </datafield>
  <datafield tag="980" ind1=" " ind2=" ">
   <subfield code="a">Thư viện Trường Đại học Nam Cần Thơ</subfield>
  </datafield>
 </record>
</collection>
